[Event "FTX Crypto Cup Prelims 2021"]
[Site "Chess24"]
[Date "2021.05.18"]
[Round "5.7"]
[White "Giri, Anish"]
[Black "Dubov, Daniil"]
[Result "1/2-1/2"]
[WhiteElo "2731"]
[BlackElo "2770"]
[Annotator "TA"]
[PlyCount "105"]
[EventDate "2021.05.23"]
[EventType "tourn"]
[EventCountry "NET"]
[Tiebreak "Koya+Number of black wins+Number of wins"]
[SourceTitle "playchess.com"]
[Source "ChessBase"]
[SourceQuality "1"]

{[%evp 12,105,14,16,21,14,35,29,31,0,0,0,25,19,27,16,24,6,2,13,4,12,4,1,8,0,12,
0,0,0,9,12,8,19,14,8,20,11,45,38,40,25,26,34,38,10,29,30,32,4,9,0,0,0,0,0,0,0,
0,0,2,2,67,70,104,98,216,216,156,0,0,0,0,0,0,0,0,0,0,0,0,0,0,0,0,0,0,0,0,0,0,0,
0,0,0,0]} 1. e4 e5 2. Nf3 Nc6 3. Bc4 Nf6 4. d3 Be7 5. O-O O-O 6. Nc3 d6 7. a3 {
Recently 7.a4 got a lot of attention.} h6 {C55: Two Knights: 4 d3, 4 d4 exd4 5
e5 and Max Lange Attack.} 8. Re1 Re8 9. h3 Bf8 {White has an edge.} 10. Nd5 {
[#]} Nxd5 $146 ({Predecessor:} 10... Be6 11. Nxf6+ Qxf6 12. Bxe6 Rxe6 13. Nh2
Rae8 14. Qf3 Qd8 15. Be3 Nd4 16. Bxd4 exd4 {0-1 (55) Cabral,P-Janevska,A
Yerevan 1996}) 11. Bxd5 Ne7 12. Bb3 Ng6 13. Be3 Qf6 14. Nh2 Be6 15. Bxe6 Qxe6
16. Qg4 a5 17. Qxe6 Rxe6 18. a4 Ne7 19. f4 exf4 20. Bxf4 f5 21. exf5 Rxe1+ 22.
Rxe1 Nxf5 23. Nf3 Kf7 24. Bd2 b6 25. g4 Ne7 26. Nd4 Ng6 27. Rf1+ Kg8 28. Ne6
Rc8 (28... Re8 $5 {[%cal Re8e6]} 29. Nxc7 Rc8 $14) 29. Bc3 c5 30. b3 d5 31. Rf5
d4 32. Nxf8 Rxf8 33. Rxf8+ Kxf8 $11 {[%mdl 4096] Endgame KB-KN} 34. Bd2 Ke7 35.
Kf2 Ke6 36. Kg3 Ne5 (36... Ne7 $1 $11) 37. h4 $1 $14 Nc6 {[#]} 38. h5 $1 Ne7 (
38... Ne5 $16) 39. g5 $18 hxg5 {[#] Hoping for ...Kf5.} 40. Bxg5 $2 (40. Kg4 $1
$16) 40... Nd5 $11 {The position is equal.} 41. Kf3 Ke5 42. Bh4 Ke6 43. Bg3 Kf5
44. Bh4 Nf6 45. Kf2 g5 ({Not} 45... Nxh5 46. Bd8 $18) (45... Ke6 {feels hotter.
} 46. Kf3 Nd5) 46. hxg6 Kxg6 47. Bxf6 Kxf6 {KP-KP} 48. Ke2 Kg5 49. Kf3 {
Black must now prevent Ke4.} Kf5 50. Kg3 Kg5 51. Kf3 {aiming for Ke4.} Kf5 52.
Kg3 Kg5 53. Kf3 {Weighted Error Value: White=0.07/Black=0.11} 1/2-1/2

[Event "FTX Crypto Cup Prelims 2021"]
[Site "Chess24"]
[Date "2021.05.18"]
[Round "5.8"]
[White "Ding, Liren"]
[Black "Grischuk, Alexander"]
[Result "1-0"]
[WhiteElo "2836"]
[BlackElo "2784"]
[Annotator "TA"]
[PlyCount "89"]
[EventDate "2021.05.23"]
[EventType "tourn"]
[EventCountry "NET"]
[Tiebreak "Koya+Number of black wins+Number of wins"]
[SourceTitle "playchess.com"]
[Source "ChessBase"]
[SourceQuality "1"]

{[%evp 23,89,46,49,49,49,44,45,37,43,38,41,37,21,32,49,56,56,53,44,50,39,41,44,
53,50,55,43,45,54,41,53,51,81,78,72,40,40,47,78,12,102,71,118,118,111,118,112,
100,185,176,204,198,232,231,365,358,357,279,601,315,419,287,302,280,283,283,
281,276]} 1. d4 d5 2. c4 e6 3. Nc3 c5 4. cxd5 cxd4 5. Qa4+ Bd7 6. Qxd4 exd5 7.
Qxd5 Nf6 8. Qd1 Bc5 9. Nf3 O-O 10. e3 Nc6 11. Be2 Qe7 12. O-O Rfd8 13. Qb3 $5 {
[%mdl 4] An interesting side line. D32: Tarrasch Defence: Sidelines and lines
without g3.} Bf5 14. Bd2 a6 15. Na4 {[#] White is slightly better.} Be6 $146 ({
Predecessor:} 15... Ne4 16. Rfd1 Ba7 17. Rac1 Be6 18. Qc2 Bf5 19. Qb3 Be6 {
1/2-1/2 (19) Piccoli,F (2678)-Koegler,K (2557) ICCF email 2008}) 16. Qc2 Ba7
17. Rfd1 Rac8 18. Nc3 Nb4 19. Qb1 g6 {Black wants to play ...Bf5.} 20. Ne4 Nc2
21. Nxf6+ Qxf6 22. Bc3 Rxc3 23. bxc3 {[%cal Bb2c3,Bc3c4][%mdl 32]} Nxa1 24.
Qxa1 Rc8 25. Nd4 Bd5 26. Bf1 h5 27. Qb2 h4 28. c4 Be4 29. Rd2 h3 30. Ne2 Qe7 {
[#]} 31. gxh3 (31. g3 $1 $16) 31... Bb8 (31... Rxc4 $11 32. Ng3 Rb4) 32. Ng3 (
32. Qb3 {is more complex.} b5 33. cxb5 axb5 34. Ng3 Bb7 35. Bg2) 32... Be5 {[#]
} 33. Qb3 Bc6 34. Bg2 Bxg2 35. Kxg2 Qc7 (35... Bf6 $16 36. Rd3 Kh7) 36. Rd5 Bg7
37. h4 Qc6 38. h5 Be5 (38... Qxc4 $142 39. Qxb7 Qc6 40. Qxc6 Rxc6 41. hxg6 fxg6
42. Rd8+ Bf8) 39. hxg6 $18 fxg6 40. Qd3 Kh7 $2 (40... Bg7 41. c5 Rd8) 41. Qe4
Bg7 42. c5 Re8 {White has a decisive advantage.} 43. Rh5+ Kg8 44. Qxc6 bxc6 45.
Rh4 {Weighted Error Value: White=0.23/Black=0.33} 1-0

[Event "FTX Crypto Cup Prelims 2021"]
[Site "Chess24"]
[Date "2021.05.18"]
[Round "6.1"]
[White "Aronian, Levon"]
[Black "Grischuk, Alexander"]
[Result "1-0"]
[WhiteElo "2778"]
[BlackElo "2784"]
[Annotator "TA"]
[PlyCount "89"]
[EventDate "2021.05.23"]
[EventType "tourn"]
[EventCountry "NET"]
[Tiebreak "Koya+Number of black wins+Number of wins"]
[SourceTitle "playchess.com"]
[Source "ChessBase"]
[SourceQuality "1"]

{[%evp 9,89,0,8,4,21,14,11,16,15,14,28,29,29,0,0,-25,34,0,6,10,45,45,44,30,36,
52,37,31,137,109,130,103,108,0,42,77,50,-35,-14,-52,-78,-101,-89,-78,0,0,0,0,
109,112,137,-148,38,31,158,154,150,116,309,59,410,397,442,437,434,441,438,423,
599,490,492,492,492,491,485,492,488,492,720,525,703,686]} 1. d4 Nf6 2. c4 e6 3.
Nf3 d5 4. Nc3 Bb4 5. cxd5 exd5 6. Bf4 {D38: Queen's Gambit Declined: Ragozin
Defence (4 Nf3 Bb4).} c5 7. g3 O-O 8. Bg2 {The position is equal.} c4 9. O-O
Nc6 10. Bg5 Be6 11. Ne1 (11. Ne5 $142) 11... Be7 $11 12. Nc2 {[#]} Rc8 $146 (
12... h6 $11 13. Bxf6 Bxf6) ({Predecessor:} 12... Qa5 13. e4 dxe4 14. Bxf6 Bxf6
15. Nxe4 Be7 16. Qe1 Qb6 17. Qc3 Rfd8 18. Rad1 Rd7 19. d5 Rxd5 20. Rxd5 Bxd5 {
1/2-1/2 (63) Gudmundsson,G (1770)-Koota,I (1798) Fredericia 2020}) 13. Rc1 Qa5
14. f4 Ne8 (14... Rcd8 {is interesting.} 15. f5 Bc8 16. Bh4 h6 17. Ne3 Rd7) 15.
Bxe7 Nxe7 16. f5 Bd7 17. g4 h6 18. Qe1 Qb6 (18... Qd8 $1 $14) 19. Bxd5 $16 (19.
Nxd5 Nxd5 20. Bxd5 Qxb2 $15) 19... Bc6 20. Bxc4 Nf6 21. Bd3 ({White should try
} 21. b3 $16) 21... Nxg4 22. Qg3 Nf6 (22... Qxb2 $2 23. Qxg4 Qxc3 24. f6 $18)
23. Kf2 (23. e4 $14) 23... Kh8 24. Rg1 {[%csl Gg1][%cal Rg3g7]} Rg8 25. Qh4
Qxb2 26. Ne3 Qb6 ({Black should play} 26... Bd7 $1 $17 27. Rc2 Qb4) 27. Nc4 $40
{[%mdl 128] Black needs to defend precisely.} Qd8 28. Ne5 Qf8 (28... Rf8 $11)
29. e4 $16 Rd8 30. Ke3 {[%mdl 8192] [#]} (30. Ne2 $1 $16) 30... Be8 $2 (30...
Rxd4 $1 $17 {[%mdl 512] Strongly threatening ...Nxf5+!} 31. Qh3 (31. Kxd4 Nxf5+
32. exf5 Qb4+ 33. Nc4 Rd8+ 34. Ke3 Qe7+ 35. Ne5 Qxe5+ 36. Kd2 Qxf5 $17) 31...
Rd8) 31. Rg3 Nc6 (31... Rc8 $14) 32. Nxc6 $1 Bxc6 {[#]} 33. e5 $1 {[%cal Re5f6]
} Qa3 $2 {[#]} 34. Rc2 $2 ({White must play} 34. Kd2 $1 $18 Ne4+ 35. Nxe4 (35.
Bxe4 $2 Rxd4+ 36. Rd3 Bxe4 $19 {[%mdl 64] Pin}) 35... Qb4+ 36. Ke2 Bxe4 37.
Qxe4 Rxd4 38. Qe3) 34... Rde8 $2 {[%mdl 8192]} (34... Qe7 $14 35. Rh3 Rge8) 35.
Kf2 $18 Nh7 36. f6 {Threatens to win with Bxh7.White is clearly winning.} Qf8
37. fxg7+ Rxg7 38. Qxh6 Rd8 (38... f5 $142 39. Qxg7+ Qxg7 40. Rxg7 Kxg7) 39.
Bxh7 {White wants to mate with Bf5+.} Rxg3 40. Qxf8+ Rxf8 41. Kxg3 Kxh7 {
KRB-KRN} 42. d5 Bd7 43. Ne4 Bf5 (43... Ba4 $142) 44. Nf6+ Kg6 45. Rg2 {
Weighted Error Value: White=0.34/Black=0.61} 1-0

[Event "FTX Crypto Cup Prelims 2021"]
[Site "Chess24"]
[Date "2021.05.18"]
[Round "6.2"]
[White "Dubov, Daniil"]
[Black "Ding, Liren"]
[Result "1/2-1/2"]
[WhiteElo "2770"]
[BlackElo "2836"]
[Annotator "TA"]
[PlyCount "74"]
[EventDate "2021.05.23"]
[EventType "tourn"]
[EventCountry "NET"]
[Tiebreak "Koya+Number of black wins+Number of wins"]
[SourceTitle "playchess.com"]
[Source "ChessBase"]
[SourceQuality "1"]

{[%evp 10,74,-6,-15,-7,-21,10,0,40,52,42,31,39,39,62,63,66,56,73,75,87,64,85,
43,75,58,34,0,18,0,56,51,59,47,49,45,48,48,94,95,102,108,97,102,86,56,49,38,61,
36,69,62,96,0,262,287,272,262,488,386,393,0,480,0,350,0,484]} 1. d4 Nf6 2. c4
e6 3. Nf3 d5 4. g3 Bb4+ 5. Nbd2 dxc4 6. Bg2 b5 {E04: Open Catalan: 5 Nf3.} (
6... a5 7. a3 Bxd2+ 8. Bxd2 O-O 9. Qc2 b5 10. a4 c6 11. h4 Nbd7 12. h5 h6 13.
g4 Nxg4 14. axb5 Bb7 15. Nh2 Nxf2 16. Kxf2 Qh4+ 17. Kf1 Qf6+ 18. Bf3 {1-0 (18)
Dubov,D (2710)-Ding,L (2791) chess24.com INT 2021}) 7. Ne5 {[#]} Qxd4 $146 ({
Predecessor:} 7... Nd5 8. O-O O-O 9. a4 c6 10. Ne4 f6 11. Nf3 Nd7 12. b3 a5 13.
bxc4 bxc4 14. Qc2 {0-1 (33) Yuffa,D (2527)-Fedoseev,V (2731) Sochi 2017}) 8.
Nc6 Nxc6 (8... Bxd2+ {is more complex.} 9. Bxd2 Qd6 10. Na5 Nd5 11. O-O O-O) 9.
Bxc6+ Bd7 $1 {[%cal Rd7c6]} 10. Bxa8 c6 $1 11. O-O O-O 12. Bb7 Qb6 {[#]} 13.
Ne4 $1 {[%cal Re4f6]} Qxb7 (13... Nd5 14. Be3) 14. Nxf6+ gxf6 15. Bh6 Rd8 16.
Qd4 {[%mdl 1024] Threatening mate with Qg4+. White has strong compensation.} (
16. e3 {seems wilder.} e5 17. f4 Qc7 18. Qf3 Bf8 19. Bxf8 Kxf8 20. fxe5 Qxe5
21. Rad1) 16... e5 17. Qh4 Be7 18. Rad1 (18. f4 $5 {[%cal Rf4e5]} Qb6+ 19. Kh1
$11) 18... Qc8 19. f4 e4 (19... exf4 $11 20. Rxf4 Bf5 21. Rxd8+ Bxd8) 20. g4
$14 Be6 $1 ({Not} 20... Bxg4 $2 21. Kh1 $18) 21. f5 $36 {[%mdl 2048] White has
the initiative.} Rxd1 $1 22. Rxd1 Bd5 23. Be3 a5 24. Kf2 $1 b4 {[#]} 25. Rg1 $1
{aiming for g5.} c3 26. bxc3 bxc3 27. Bd4 c2 28. Bxf6 Bxf6 29. Qxf6 {[%mdl
4096] Endgame KQR-KQB} Qb8 30. Qg5+ Kh8 31. Rg3 ({Better is} 31. Kg2 $16) 31...
Qb6+ $2 {[%mdl 8192] [#]} (31... Qd6 $11 {and Black stays safe.}) 32. Kg2 $1
$18 {f6 would kill now.} e3+ 33. Kh3 {White threatens f6 and mate.} Qc5 $2 (
33... Qb8) 34. Qd8+ Kg7 {...f6 is the strong threat.} 35. Qg5+ {[%mdl 64]
Double Attack} Kh8 (35... Kf8 $2 36. Rxe3 Be6 37. Rd3 $18) 36. Qd8+ Kg7 {
Threatens to win with ...f6.} 37. Qg5+ {[%mdl 64] Double Attack} Kh8 {[%mdl
32768] Weighted Error Value: White=0.52/Black=0.35. An unexpected result.} ({
Don't blunder} 37... Kf8 $2 38. Rxe3 Be6 39. Rd3 $18) 1/2-1/2

[Event "FTX Crypto Cup Prelims 2021"]
[Site "Chess24"]
[Date "2021.05.18"]
[Round "6.3"]
[White "Carlsen, Magnus"]
[Black "Giri, Anish"]
[Result "1/2-1/2"]
[WhiteElo "2881"]
[BlackElo "2731"]
[Annotator "TA"]
[PlyCount "106"]
[EventDate "2021.05.23"]
[EventType "tourn"]
[EventCountry "NET"]
[Tiebreak "Koya+Number of black wins+Number of wins"]
[SourceTitle "playchess.com"]
[Source "ChessBase"]
[SourceQuality "1"]

{[%evp 9,106,-24,0,0,0,-5,0,0,0,2,12,0,0,0,16,10,21,25,22,10,28,28,36,6,38,27,
37,12,59,55,94,98,102,102,131,120,117,122,131,133,130,125,110,111,135,97,111,
87,87,87,87,88,88,88,87,79,87,87,83,79,87,66,83,83,83,83,83,83,83,83,83,83,83,
83,83,83,83,83,91,75,75,64,64,64,64,64,64,64,64,0,64,64,65,64,64,64,64,64,64]} 
1. b4 e5 2. Bb2 Bxb4 3. Bxe5 Nf6 4. c3 Be7 5. g3 {[#]} d6 $146 ({Predecessor:} 
5... d5 6. Bg2 Nbd7 7. Bf4 O-O 8. Nf3 c6 9. O-O Nc5 10. d3 h6 11. a4 Qa5 12.
Bd2 {1-0 (43) Gagarkine,N (1918)-Protopopova,A (1763) Saratov 2012}) 6. Bxf6 {
A00: Irregular Openings.} Bxf6 7. Bg2 O-O 8. e3 {The position is equal.} d5 9.
Ne2 c6 10. d4 Bf5 11. Nd2 Nd7 12. O-O Re8 13. c4 dxc4 14. Nxc4 {Hoping for Nd6.
} Qc7 15. Rc1 {[%cal Ba1c1,Bc1c3,Bc3b3][%mdl 32]} Rad8 16. Nf4 Nb6 17. Nxb6
Qxb6 18. Qa4 g6 19. Rc3 Bg5 20. Rb3 Qc7 21. Qxa7 Re7 22. Nd3 Bxd3 23. Rxd3 c5
24. Rc3 b6 25. Qxc7 Rxc7 26. Rb1 Rd6 27. a4 Bf6 28. Bf1 Rcd7 29. dxc5 Bxc3 30.
cxd6 Rxd6 $16 {[%mdl 4096] Endgame KRB-KRB} 31. Rc1 Rc6 32. Rd1 Rc7 33. Rd6 Ba5
34. Bb5 Kg7 35. e4 Rc1+ 36. Kg2 Rc2 37. e5 Bb4 38. Rf6 Be7 39. Rxb6 {And now
a5 would win.} Rxf2+ {[%mdl 64] [#] Decoy} 40. Kxf2 Bc5+ 41. Kf3 Bxb6 {KB-KB}
42. Ke4 Kf8 43. Kd5 Ke7 44. g4 h5 45. h3 (45. Kc6 {is interesting.} Ba5 46.
gxh5 gxh5 47. Bc4 Bc3 48. Kd5) 45... hxg4 46. hxg4 Ba5 47. Bd3 Bd2 48. Bc2 Be1
49. Bd3 Bd2 $1 50. Ba6 {White is slightly better.} Be1 51. Bc8 Kd8 {[#]} 52. e6
$1 fxe6+ 53. Bxe6 Kc7 {Weighted Error Value: White=0.05/Black=0.06} 1/2-1/2

[Event "FTX Crypto Cup Prelims 2021"]
[Site "Chess24"]
[Date "2021.05.18"]
[Round "6.4"]
[White "Nakamura, Hikaru"]
[Black "Pichot, Alan"]
[Result "1-0"]
[WhiteElo "2829"]
[BlackElo "2533"]
[Annotator "TA"]
[PlyCount "107"]
[EventDate "2021.05.23"]
[EventType "tourn"]
[EventCountry "NET"]
[Tiebreak "Koya+Number of black wins+Number of wins"]
[SourceTitle "playchess.com"]
[Source "ChessBase"]
[SourceQuality "1"]

{[%evp 9,107,15,17,12,23,0,0,8,1,0,32,0,29,34,27,34,36,47,46,21,33,26,46,53,55,
54,62,59,58,45,45,51,70,52,110,33,61,20,64,58,77,74,118,110,121,89,141,134,157,
202,308,305,279,157,172,166,247,191,183,185,183,173,176,124,126,135,148,140,
265,251,211,117,119,105,436,431,438,445,262,431,438,426,443,436,422,392,392,
225,391,400,341,273,339,254,266,251,296,229,1241,1212]} 1. e4 c5 2. Nf3 d6 3.
Bb5+ Nd7 4. c4 Ngf6 5. Nc3 g6 6. O-O {B51: Sicilian: Moscow Variation (3 Bb5+)
without 3...Bd7.} Bg7 7. d4 cxd4 8. Nxd4 {The position is equal.} O-O 9. Ba4
Ne5 10. Qe2 {[#]} Bd7 $146 ({Predecessor:} 10... Qc7 11. Bb3 a6 12. Bg5 Nc6 13.
Nf3 Bg4 14. Qe3 Bxf3 15. Qxf3 Qa5 16. Be3 Nd7 {1/2-1/2 (53) Jablonicky,M (2302)
-Rohacek,M (2255) Slovakia 2018}) 11. Bxd7 Qxd7 12. Rd1 Rfc8 13. b3 a6 14. Bb2
Rab8 15. h3 Nc6 16. Nf3 Qe8 17. Nd5 Nd7 18. Bxg7 Kxg7 19. Qb2+ (19. Rac1 {
feels hotter.} Qf8 20. Qb2+ Kg8 21. Qc3 Qe8 22. Rd2) 19... Kg8 20. Rac1 {
[%cal Ba1c1,Bc1c2,Bc2d2][%mdl 32]} Nde5 21. Ne1 Qf8 ({Black should try} 21...
Rd8 $14) 22. Qe2 (22. c5 $1 $16) 22... Nd7 23. Qe3 Qg7 24. Rc2 Kf8 25. f4 a5
26. Nf3 Rd8 27. Nc3 Nc5 (27... Kg8 $142) 28. Rcd2 $16 b6 29. Nd5 b5 (29... h6 {
was worth a try.} 30. e5 f5 31. exf6 exf6) 30. cxb5 $18 Rxb5 31. Nc3 (31. Nc7
$18 Rb7 32. Qxc5 $3 {[%mdl 576] Pin} Rxc7 33. e5 $1 {[%mdl 512]}) 31... Rbb8
$16 32. e5 {[%cal Re5d6]} Nb7 (32... Re8 $142 33. Nd5 Ne6) 33. Na4 dxe5 34.
Nxe5 ({But not} 34. fxe5 $6 Rxd2 35. Rxd2 Kg8 $16) 34... Nxe5 35. fxe5 {
Strongly threatening Nb6.} Kg8 36. Nb6 (36. Rd7 $18) 36... Rxd2 37. Rxd2 Nd8
38. Nc4 {And now Qa7 would win.} Nc6 {[#]} (38... Qf8 $16 39. Nxa5 Kg7) 39. Qc5
$1 $18 {[%cal Rc5c6]} Rc8 {[#]} 40. Rd7 (40. Nb6 $1 $18 {[%cal Rb6c8]} Qh6 41.
Rf2 (41. Nxc8 Qxd2 42. Qxc6 Qe1+ 43. Kh2 Qxe5+ 44. g3 Qd4 $18)) 40... Qh6 $16
41. Nb6 Rd8 {[%mdl 8192] A mistake that costs the game.} (41... Rb8 $16 {
is a better chance.}) 42. Qxc6 $18 Qe3+ 43. Kh1 Qe1+ 44. Kh2 Qxe5+ 45. g3 Rf8
46. Nc4 Qe1 47. Qf3 a4 48. Qe3 (48. bxa4 $142 Rc8 49. Ne3) 48... Qb1 $2 (48...
Qxe3 {was necessary.} 49. Nxe3 axb3 50. axb3 Rb8 51. Rxe7 Rxb3) 49. Rd2 axb3
50. Qxb3 Qe1 51. Qd1 Qe6 52. Qe2 Qa6 53. Ne5 Qb7 (53... Qxe2+ 54. Rxe2 Ra8) 54.
Nd7 {[%mdl 64] Discovered Attack.  Weighted Error Value: White=0.23/Black=0.34}
1-0

[Event "FTX Crypto Cup Prelims 2021"]
[Site "Chess24"]
[Date "2021.05.18"]
[Round "6.5"]
[White "Firouzja, Alireza"]
[Black "Vachier-Lagrave, Maxime"]
[Result "1/2-1/2"]
[WhiteElo "2703"]
[BlackElo "2860"]
[Annotator "TA"]
[PlyCount "66"]
[EventDate "2021.05.23"]
[EventType "tourn"]
[EventCountry "NET"]
[Tiebreak "Koya+Number of black wins+Number of wins"]
[SourceTitle "playchess.com"]
[Source "ChessBase"]
[SourceQuality "1"]

{[%evp 9,66,18,7,8,33,39,36,40,32,32,40,42,45,32,42,34,60,37,60,41,35,27,43,53,
67,63,75,53,63,39,55,41,39,33,80,87,83,84,83,79,73,27,52,31,31,31,54,37,33,0,0,
0,32,0,0,0,11,0,0]} 1. e4 c5 2. Nf3 d6 3. Bb5+ Nd7 4. d4 cxd4 5. Nxd4 Ngf6 6.
O-O {B51: Sicilian: Moscow Variation (3 Bb5+) without 3...Bd7.} e6 7. Re1 Be7
8. Bf1 {White is slightly better.} O-O 9. c4 {[#]} Re8 $146 ({Predecessor:} 
9... a6 10. Nc3 Ne5 11. b3 Bd7 12. Bb2 Qb8 13. f4 Qa7 14. h3 Nc6 15. Nd5 Bd8 {
0-1 (40) Rossolimo,N-Rogoff,K Malaga 1970}) 10. Nc3 Bf8 11. a4 Ne5 12. Bf4 Ng6
13. Bg3 a6 14. h3 b6 15. Qd2 Bb7 16. a5 bxa5 17. Nb3 Rb8 18. Nxa5 Ba8 19. Ra4
Qd7 {Black wants to play ...Nxe4!} 20. c5 {[%cal Rg3d6]} e5 21. Bxa6 dxc5 22.
Qxd7 Nxd7 23. Bb5 Red8 24. Nc4 Nb6 25. Ra7 Nc8 26. Ra5 f6 27. f3 Nf4 28. Rea1
$36 {[%mdl 2048] White has good play.} Bb7 29. Bf2 Ne6 30. Ba6 Bc6 31. Bb5 Bb7
{The position is equal.} 32. Ba6 Bc6 33. Bb5 Bb7 {Weighted Error Value:
White=0.09/Black=0.07} 1/2-1/2

[Event "FTX Crypto Cup Prelims 2021"]
[Site "Chess24"]
[Date "2021.05.18"]
[Round "6.6"]
[White "Svidler, Peter"]
[Black "So, Wesley"]
[Result "1/2-1/2"]
[WhiteElo "2742"]
[BlackElo "2741"]
[Annotator "RC"]
[PlyCount "81"]
[EventDate "2021.05.23"]
[EventType "tourn"]
[EventCountry "NET"]
[Tiebreak "Koya+Number of black wins+Number of wins"]
[SourceTitle "playchess.com"]
[Source "ChessBase"]
[SourceQuality "1"]
[TimeControl "900+10"]

1. Nf3 {[%emt 0:00:00]} d5 {[%emt 0:00:00]} 2. c4 {[%emt 0:00:00]} e6 {[%emt 0:
00:00]} 3. e3 {[%emt 0:00:37]} Nf6 {[%emt 0:00:20]} 4. b3 {[%emt 0:00:02]} Bd6
{[%emt 0:00:10]} 5. Bb2 {[%emt 0:00:02]} O-O {[%emt 0:00:03]} 6. Be2 {[%emt 0:
00:41]} c5 {[%emt 0:00:18]} 7. O-O {[%emt 0:00:33]} b6 {[%emt 0:00:08]} 8. cxd5
{[%emt 0:00:39]} Nxd5 {[%emt 0:00:00]} 9. d4 {[%emt 0:00:13]} Bb7 {[%emt 0:00:
03]} 10. Nbd2 {[%emt 0:01:03]} Nd7 {[%emt 0:00:54]} 11. Nc4 {[%emt 0:02:06]}
Be7 {[%emt 0:00:19]} 12. Rc1 {[%emt 0:00:06]} Rc8 {[%emt 0:00:05]} 13. dxc5 {
[%emt 0:02:06]} Nxc5 {[%emt 0:02:04]} 14. Nd4 {[%emt 0:02:30]} Bf6 {[%emt 0:01:
14]} 15. Bf3 {[%emt 0:00:04]} Ba6 {[%emt 0:00:43]} 16. Qd2 {[%emt 0:00:50]} Qd7
{[%emt 0:01:20]} 17. Rfd1 {[%emt 0:01:56]} Rfd8 {[%emt 0:00:37]} 18. Nf5 {
[%emt 0:01:21]} exf5 {[%emt 0:02:36]} 19. Bxd5 {[%emt 0:00:12]} Qe7 {[%emt 0:
00:21]} 20. Bxf6 {[%emt 0:00:22]} Qxf6 {[%emt 0:00:00]} 21. Qd4 {[%emt 0:00:51]
} Qxd4 {[%emt 0:00:45]} 22. Rxd4 {[%emt 0:00:02]} Bxc4 {[%emt 0:00:05]} 23.
Bxc4 {[%emt 0:00:56]} Rxd4 {[%emt 0:00:24]} 24. exd4 {[%emt 0:00:01]} Ne6 {
[%emt 0:00:02]} 25. d5 {[%emt 0:00:24]} Nc5 {[%emt 0:00:04]} 26. Bb5 {[%emt 0:
00:20]} Rd8 {[%emt 0:00:08]} 27. b4 {[%emt 0:00:08]} Ne4 {[%emt 0:00:08]} 28.
Rc7 {[%emt 0:00:17]} g6 {[%emt 0:00:23]} 29. Bc6 {[%emt 0:00:07]} Nc3 {[%emt 0:
00:14]} 30. Rxa7 {[%emt 0:00:07]} Nxd5 {[%emt 0:00:02]} 31. Bxd5 {[%emt 0:00:
03]} Rxd5 {[%emt 0:00:00]} 32. g3 {[%emt 0:00:04]} f4 {[%emt 0:00:24]} 33. gxf4
{[%emt 0:00:31]} Rd4 {[%emt 0:00:18]} 34. b5 {[%emt 0:00:01]} Rb4 {[%emt 0:00:
10]} 35. a4 {[%emt 0:00:06]} Rxf4 {[%emt 0:00:02]} 36. Ra6 {[%emt 0:00:13]} h5
{[%emt 0:00:08]} 37. Rxb6 {[%emt 0:00:06]} Rxa4 {[%emt 0:00:02]} 38. Rc6 {
[%emt 0:00:04]} Rb4 {[%emt 0:00:08]} 39. b6 {[%emt 0:00:02]} h4 {[%emt 0:00:25]
} 40. Kg2 {[%emt 0:00:02]} Rb3 {[%emt 0:00:08]} 41. h3 {[%emt 0:00:02]} 1/2-1/2

[Event "FTX Crypto Cup Prelims 2021"]
[Site "Chess24"]
[Date "2021.05.18"]
[Round "6.7"]
[White "Caruana, Fabiano"]
[Black "Nepomniachtchi, Ian"]
[Result "1-0"]
[WhiteElo "2773"]
[BlackElo "2778"]
[Annotator "TA"]
[PlyCount "65"]
[EventDate "2021.05.23"]
[EventType "tourn"]
[EventCountry "NET"]
[Tiebreak "Koya+Number of black wins+Number of wins"]
[SourceTitle "playchess.com"]
[Source "ChessBase"]
[SourceQuality "1"]

{[%evp 14,65,-2,4,13,0,22,18,13,18,35,39,77,59,77,-45,88,71,88,100,129,73,144,
145,105,115,173,171,220,213,259,274,449,444,397,418,842,459,476,461,471,468,
458,466,458,458,452,453,468,388,1751,1724,1407,1345]} 1. d4 Nf6 2. Nf3 g6 3.
Nbd2 Bg7 4. e4 d6 5. Bd3 c5 6. c3 O-O 7. O-O cxd4 8. cxd4 e5 {B07: Pirc
Defence: Miscellaneous Systems.} 9. d5 Nbd7 {[#]} 10. b4 $146 ({Predecessor:} 
10. Nb3 a5 11. a4 b6 12. Re1 Nc5 13. Nxc5 bxc5 14. Bd2 Ne8 15. Bc3 f5 16. Nd2 {
1-0 (48) Predke,A (2684)-Sanal,V (2581) Ruma 2020}) 10... a5 {The position is
equal.} 11. Ba3 axb4 12. Bxb4 Nc5 13. Bxc5 dxc5 14. Nc4 (14. Rc1 $16) 14... Nh5
(14... b5 $15 {stays ahead.} 15. Ncxe5 c4) 15. a4 $36 {[%mdl 2048] Keeping
Black busy.} (15. Nfxe5 Nf4 $17) (15. Ncxe5 $2 Re8 $17) 15... Nf4 {[#]} 16. Bc2
$1 ({Not} 16. Ncxe5 $2 Qe7 $19) 16... f5 {[#]} 17. Rb1 ({Don't blunder} 17.
Ncxe5 $2 fxe4 18. Bxe4 Re8 $19) (17. Re1 $142 $1) 17... Ra6 ({Black should play
} 17... fxe4 18. Bxe4 Qd7) 18. Re1 (18. Ncxe5 $2 fxe4 19. Bxe4 Bxe5 $19) 18...
fxe4 19. Bxe4 Qd7 (19... b6 $16) 20. Nfxe5 $18 Bxe5 21. Nxe5 Qxa4 22. d6 Rd8 (
22... Qxd1 {is a better defense.} 23. Rbxd1 Bf5 24. Bxb7 Ra7) 23. Qf3 Rf8 {
And now ...Nh3+! would win.} 24. Bd5+ Kg7 (24... Be6 $142 25. Bxe6+ Nxe6) 25.
Bb3 Qd4 {Threatens to win with ...Nh3+!} 26. Rbd1 Nh3+ 27. gxh3 Rxf3 28. Rxd4 (
{But not} 28. Nxf3 Qxd6 29. Rxd6 Rxd6 $18) 28... cxd4 29. Nxf3 Rxd6 30. Re7+
Kh6 31. h4 {Black must now prevent Ne5.} d3 $2 (31... Bf5 32. Kf1 d3) 32. Ne5
Rd4 33. Bg8 {[%csl Gg8][%cal Re7h7] Weighted Error Value: White=0.39/Black=0.51
} 1-0